Statistics for APUSH Presidents (Presidents--Dates)

Click here to take the quiz!

General Stats

  • This quiz has been taken 20 times
    (10 since last reset)
  • The average score is 14 of 27

Answer Stats

HintAnswer% Correct
George Washington1789-1797
80%
John Adams1797-1801
80%
Thomas Jefferson1801-1809
60%
James Madison1809-1817
60%
James Monroe1817-1825
60%
John Quincy Adams1825-1829
60%
Andrew Jackson1829-1837
60%
James K. Polk1845-1849
60%
Abraham Lincoln1861-1865
60%
John F. Kennedy1961-1963
60%
Lyndon B. Johnson1963-1969
60%
Jimmy Carter1977-1981
60%
Andrew Johnson1865-1869
40%
Ulysses S. Grant1869-1877
40%
Rutherford B. Hayes1877-1881
40%
William McKinley1897-1901
40%
Theodore Roosevelt1901-1909
40%
William Howard Taft1909-1913
40%
Woodrow Wilson1913-1921
40%
Warren G. Harding1921-1923
40%
Calvin Coolidge1923-1929
40%
Herbert Hoover1929-1933
40%
Franklin D. Roosevelt1933-1945
40%
Harry S. Truman1945-1953
40%
Dwight Eisenhower1953-1961
40%
Richard Nixon1969-1974
40%
Gerald Ford1974-1977
40%

Score Distribution

Percentile by Number Answered

Percent of People with Each Score

Your Score History

You have not taken this quiz since the last reset